Enfermedades del aparato respiratorio, mediastino y aparato locomotor / (Record no. 189650)
[ view plain ]
| 000 -LEADER | |
|---|---|
| campo de control de longitud fija | 00905nam a2200217 i 4500 |
| 001 - NÚMERO DE CONTROL | |
| campo de control | 189650 |
| 003 - IDENTIFICADOR DE NÚMERO DE CONTROL | |
| campo de control | ES-MaACL |
| 005 - FECHA Y HORA DE LA ÚLTIMA TRANSACCIÓN | |
| campo de control | 20260212172158.0 |
| 008 - DATOS DE LONGITUD FIJA--INFORMACIÓN GENERAL | |
| campo de control de longitud fija | 190828s1961 sp |||| | spa d |
| 245 00 - MENCIÓN DEL TÍTULO | |
| Título | Enfermedades del aparato respiratorio, mediastino y aparato locomotor / |
| Mención de responsabilidad, etc. | por Agustín Pedro-Pons ... [et al.]. |
| 250 ## - MENCION DE EDICION | |
| Mención de edición | 2ª ed. |
| 260 ## - PUBLICACIÓN, DISTRIBUCIÓN, ETC. | |
| Lugar de publicación, distribución, etc. | Barcelona : |
| Nombre del editor, distribuidor, etc. | Salvat, |
| Fecha de publicación, distribución, etc. | 1961. |
| 300 ## - DESCRIPCIÓN FÍSICA | |
| Extensión | XV, 1265 p. : |
| Otras características físicas | il. col. y n. ; |
| Dimensiones | 26 cm. |
| 490 1# - MENCIÓN DE SERIE | |
| Mención de serie | Tratado de patología y clínica médicas / dirigido por el profesor Agustín Pedro-Pons ; |
| Designación de volumen o secuencia | 3 |
| 650 #4 - PUNTO DE ACCESO ADICIONAL DE MATERIA--TÉRMINO DE MATERIA | |
| Término de materia o nombre geográfico como elemento de entrada | Aparato respiratorio- |
| Subdivisión general | Enfermedades. |
| 9 (RLIN) | 135585 |
| 650 #4 - PUNTO DE ACCESO ADICIONAL DE MATERIA--TÉRMINO DE MATERIA | |
| Término de materia o nombre geográfico como elemento de entrada | Aparato locomotor- |
| Subdivisión general | Enfermedades. |
| 9 (RLIN) | 146939 |
| 700 1# - ENTRADA AGREGADA--NOMBRE PERSONAL | |
| Nombre de persona | Pedro Pons, A., |
| Fechas asociadas al nombre | 1898-1971 |
| 9 (RLIN) | 89929 |
| 830 0# - PUNTO DE ACCESO ADICIONAL DE SERIE-TÍTULO UNIFORME | |
| Título uniforme | Tratado de patología y clínica médicas / dirigido por el profesor Agustín Pedro-Pons |
| Designación de volumen o secuencia | 3 |
| 9 (RLIN) | 193351 |
| 852 ## - LOCALIZACIÓN | |
| Ubicación | ES-MaACL |
| Número de control de estantería | P-726-2 |
| Estatus retirado | Estado de pérdida | Estado de daño | No para préstamo | Biblioteca de origen | Biblioteca actual | Ubicación en estantería | Fecha de adquisición | Fuente de adquisición | Total de préstamos | Signatura topográfica completa | Código de barras | Visto por última vez | Precio de reemplazo | Tipo de ítem Koha |
|---|---|---|---|---|---|---|---|---|---|---|---|---|---|---|
| Biblioteca del Ateneo de Madrid | Biblioteca del Ateneo de Madrid | Depósito 2 | 28/08/2019 | P-726-2 | 1201028 | 23/02/2023 | 23/02/2023 | Libro impreso |
